THE ESC TB. OF PREVENTIVE CARDIOLOGY (Record no. 21784)

MARC details
000 -LEADER
fixed length control field 00363nam a22001577a 4500
003 - CONTROL NUMBER IDENTIFIER
control field SGT
020 ## - INTERNATIONAL STANDARD BOOK NUMBER
International Standard Book Number 9780198789246
082 ## - DEWEY DECIMAL CLASSIFICATION NUMBER
Classification number 616.12
Item number E15G
100 ## - MAIN ENTRY--PERSONAL NAME
Personal name GIELEN, STEPHAN
245 ## - TITLE STATEMENT
Title THE ESC TB. OF PREVENTIVE CARDIOLOGY
250 ## - EDITION STATEMENT
Edition statement 1ST SA
260 ## - PUBLICATION, DISTRIBUTION, ETC. (IMPRINT)
Place of publication, distribution, etc INDIA
Name of publisher, distributor, etc OXFORD UNIVERSITY PRESS
Year of Publication 2015
300 ## - PAGE DESCRIPTION
No. of Pages 351
650 ## - SUBJECT ADDED ENTRY--TOPICAL TERM
Topical term or geographic name as entry element CARDIOLOGY
942 ## - ADDED ENTRY ELEMENTS (KOHA)
Source of classification or shelving scheme Dewey Decimal Classification
Koha item type Books
Holdings
Withdrawn status Lost status Source of classification or shelving scheme Damaged status Not for loan Collection code Home library Current library Shelving location Date acquired SGTU Total Checkouts Full call number Accession No. (Barcode) Date last seen Bill Date Koha item type
    Dewey Decimal Classification   Not For Loan MEDICAL SGT Medical Library SGT Medical Library Reference Book 03/09/2021 SGTU   616.12 E15G FM12549 03/09/2021 03/09/2021 Books